LDR 00736naa#a2200193#i#450# 001 RU\\bibl\10839 005 20260430194853.4 011 ## _a1609-3178 100 ## _a20160330b2016####ek#y0rusy0150####ca 101 0# _aRUS 102 ## _aRU 200 1# _aО сроке службы мер толщины покрытий цинка на стали _eЖурнальная статья 210 1# _aСанкт-Петербург _cООО СВЕН _d2016 215 ## _a2 с. 608 ## _aЖурнальная статья _2local 700 #1 _aБабаджанова _gМарианна Леоновна 700 #1 _aБабаджанов _gЛеон Сергеевич 700 #1 _aКорюшкина _gТатьяна Александровна 856 4# _azh-szf.ru _u